Представление документа в формате MARC21

Поле Инд. ПП Название Значение
Тип записи a
Библиографический уровень m
001 Контрольный номер RU/LIBMSTU/248788836
005 Дата корректировки 20160429091817.4
020 00 a ISBN 5-85639-346-5
c Цена, тираж 420-00
084 a Индекс другой классификации/Индекс ББК 67.400+63.3(4Вел)
090 00 a Полочн. индекс 67.400
x Авторский знак А 47
100 10 a Автор Алексеев Н. А.
245 00 a Заглавие Палата Лордов Британского Парламента: От Суда Короля Эгберта до революции Премьера Т. Блэра. 825-2003 гг.
260 00 a Место издания Москва
b Издательство БЕК
c Дата издания 2003
300 00 a Объем 432 с.
600 14 a Персоналии Блэр Т., 73-й премьер-министр Великобритании
650 _4 a Основная рубрика Великобритания-История; Государство и право Великобритании-История
653 00 a Ключевые слова Британское право
a Ключевые слова Законодательные органы
a Ключевые слова История Англии
a Ключевые слова Палата Лордов
a Ключевые слова Парламенты
990 00 f Даты поступлений (DOS) 10.04